Think Fast! - Fake Words - Statistics

General Stats
  • This quiz has been taken 176 times
  • The average score is 7 of 10
Answer Stats
Words Answer % Correct
Mob Fleg
100%
Dozen Vire
98%
Ghone Ghone
89%
Ouija Gronet
86%
Basil Iken
86%
Blent Briff
81%
Quart Giften
67%
Agape Chromozone
39%
Luminity Luminity
26%
Mythile Mythile
23%
No matching quizzes found
Score Distribution
Percent of People with Each Score
Percentile by Number Answered
Your Score History
You have not taken this quiz